Financial accounting, 2V (Record no. 396975)

MARC details
000 -LEADER
fixed length control field 00520 a2200205 4500
005 - DATE & TIME
control field 20260401113544.0
008 - FIXED-LENGTH DATA ELEMENTS--GENERAL INFORMATION
fixed length control field 260324b |||||||| |||| 00| 0 eng d
020 ## - ISBN
International Standard Book Number 9789371260046
Price Rs. 1045.00
040 ## - CATALOGING SOURCE
Original cataloging agency VIVEKANANDA LIBRARY
082 ## - DDC NUMBER
Classification number 657.48
Book Number G749F(13)
100 ## - MAIN ENTRY--PERSONAL NAME
Personal name Goyal, Bhushan Kumar
245 ## - TITLE STATEMENT
Title Financial accounting, 2V
250 ## - EDITION STATEMENT
Edition statement 13th
260 ## - PUBLICATION, DISTRIBUTION, ETC. (IMPRINT)
Name of publisher, distributor, etc Taxmann Publishers
Date of publication, distribution, etc 2025
Place of publication, distribution, etc New Delhi
300 ## - PHYSICAL DESCRIPTION
Pages v.
650 ## - Subject
Subject Accounting
650 ## - Subject
Subject Accounting Standard
700 ## - Added Entry Personal Name
Added Entry Personal Name Tiwari, H N
942 ## - ADDED ENTRY ELEMENTS (KOHA)
Koha item type Books
Holdings
Withdrawn status Lost status Source of classification or shelving scheme Damaged status Not for loan Location (home branch) Sublocation or collection (holding branch) Shelving location Date acquired Koha issues (times borrowed) Koha full call number Accession No. Koha date last seen Copy number Koha item type
    Dewey Decimal Classification     VIVEKANANDA LIBRARY VIVEKANANDA LIBRARY IMSAR Library 23/02/2026   657.48 G749F(13) 420918 23/02/2026 V1 Books
    Dewey Decimal Classification     VIVEKANANDA LIBRARY VIVEKANANDA LIBRARY IMSAR Library 25/03/2026   657.48 G749F(13) 420919 25/03/2026 V2 Books
© Designed and Maintained by Vivekananda Library, MDU Rohtak